30 biggest European cities by letter (with a map) -P - Statistics

General Stats
  • This quiz has been taken 991 times
    853 since last reset
  • The average score is 19 of 30
Answers on the Map
Answers color-coded by a green-red scale on the quiz's map according to % correct below.
 
Answer Stats
Answer Population % Correct
Paris 2 249 739
99%
Prague 1 280 508
99%
Palermo 674 435
97%
Porto 237 559
95%
Palma de Mallorca 402 949
92%
Plymouth 264 200
87%
Podgorica 156 169
86%
Portsmouth 205 056
86%
Pristina 204 721
86%
Poznan 544 612
81%
Plovdiv 341 567
76%
Parma 194 417
74%
Padua 211 560
72%
Pamplona / Iruña 201 311
71%
Potsdam 167 745
69%
Pilsen 170 548
61%
Patras 214 580
60%
Perugia 166 676
51%
Piraeus 175 697
50%
Pécs 145 347
49%
Prato 191 749
47%
Peterborough 197 100
46%
Paderborn 148 126
44%
Pskov 208 145
44%
Poole 147 645
38%
Ploiești 209 945
37%
Poltava 294 962
36%
Pitești 155 383
31%
Petrozavodsk 277 111
27%
Podolsk 299 660
18%
No matching quizzes found
Score Distribution
Percent of People with Each Score
Percentile by Number Answered
Your Score History
You have not taken this quiz since the last reset